Teams that Won't Finish the NBA Season - Statistics

General Stats
  • This quiz has been taken 198 times
  • The average score is 5 of 8
Answer Stats
Record Team % Correct
23-42 Charlotte Hornets
79%
20-46 Detroit Pistons
74%
21-45 New York Knicks
67%
20-47 Atlanta Hawks
61%
22-43 Chicago Bulls
61%
19-46 Cleveland Cavaliers
59%
19-45 Minnesota Timberwolves
59%
15-50 Golden State Warriors
55%
No matching quizzes found
Score Distribution
Percent of People with Each Score
Percentile by Number Answered
Your Score History
You have not taken this quiz